| 000 | 00667nam a22001937a 4500 | ||
|---|---|---|---|
| 999 |
_c58118 _d58118 |
||
| 005 | 20210618134828.0 | ||
| 008 | 210618s2016 enk||||| |||| 00| 0 eng d | ||
| 020 | _a 9783896420329 | ||
| 041 | _aeng | ||
| 080 | _a368.432 Th-43 | ||
| 100 |
_aTheiß-Klee, Heidi _912092 |
||
| 245 |
_aKnack den Code : _bund lerne die Brailleschrift kennen / _cHeidi Theiß-Klee. |
||
| 264 |
_aMarburg : _bBlista campus, _c2016. |
||
| 300 |
_a32 p. _b21 cm. |
||
| 653 | _aბრაილის შრიფტით წერა | ||
| 653 | _aШрифт Брайля | ||
| 653 | _a უსინათლოთა წერა-კითხვისათვის | ||
| 942 |
_2udc _cBK |
||